000
00475nam a2200181Ia 4500
008
090123s9999 xx 000 0 und d
082
_b
14673
_a
891.463/थोरे
100
_a
थोरे अशोक
245
_a
अटॅक
250
_a
1
260
_b
पूजा प्रकाशन
300
_a
158
600
_a
थोरे अशोक
630
_a
अटॅक
700
_a
थोरे अशोक
730
_a
अटॅक
942
_c
BOOK
999
_c
52734
_d
52734